000 00761nam a22001937a 4500
003 BD-DhUL
005 20170516095040.0
008 170516b1978 b p|||| |||| 00| 0 eng d
040 _aBD-DhUL
_cBD-DhUL
082 _a330.954
_bBHB
100 _aভুঁইয়া, মাহফুজ
245 1 0 _aবাংলাদেশের অর্থনীতি ও সমাজ /
_cমাহফুজ ভুঁইয়া
250 _a১ম সংস্করণ
260 _aঢাকা :
_bধানসিঁড়ি,
_c১৯৭৮.
300 _a[৮], ১৪৪ পৃ. ;
_c২০ সেমি.
650 4 _aঅর্থনৈতিক অবস্থা
_zবাংলাদেশ
650 4 _aEconomic status
_zBangladesh
942 _2ddc
_cBK
999 _c197392
_d197392